Quizzes
Events
Quiz Creation
Community
Videos
Private Events
Remove Ads
Sign In
Join for FREE
Feedback
Dark Mode
Quiz Categories
Sports
Geography
Music
Movies
Television
Just For Fun
Miscellaneous
History
Literature
Language
Science
Gaming
Entertainment
Religion
Holiday
For Kids
Quiz Lab
Recent
Popular Today
Quiz Kudos Today
Editor Picks
Curator Picks
Quizzes by...
Day
Popularity
Type
Ratings
Length
Year
Community
Subscriptions
Recent Discussions
Orange Saloon
Badges
Playlists
Quests
Create
Leaderboards
Showdown
Live 5
Trivia Bingo
Activity
Puzzle Library
Sporcle Events
Private Events
Virtual Trivia
Globe League
Become a Host
Pub Owners
SporcleCon
Opinionation
Our Games
Videos
Blog
Mobile Apps
Partnerships
Remove Ads and Go Orange
Feedback
Movies
Disney
Marvel Cinematic Universe
Movie Resume
Movie Titles
Oscar
Actor
Actress
Director
Pixar
Role
Movie Quotes
Movie Characters
Box Office
Nominee
Best Picture
Star Wars
James Bond
Horror Movies
Movies
Disney
Marvel Cinematic Universe
Movie Resume
Movie Titles
Oscar
Actor
Actress
Director
Pixar
Role
Movie Quotes
Movie Characters
Box Office
Nominee
Best Picture
Star Wars
James Bond
Horror Movies
Random Quiz
Search Sporcle
×
Quiz Lab
Quiz Lab
Movies
scream
Type in answers that appear in a list
Type in answers that appear in a list
Classic
Best Score? Go Orange.
Scream killers and victims (1,2 and 3 only) Stats
Can you name the scream killers and victims (1,2 and 3 only)?
By
believeits22
10m
28 Questions
302 Plays
302 Plays
302 Plays
Comments
Comments
Give Quiz Kudos
Give Quiz Kudos
-
- Ratings
hide this ad
Replay
Link that replays current quiz
Next Quiz
Link to next quiz in quiz playlist
You Got
0%
They Got
Avg Score
49%
Avg Friend Score
Upgrade to see
Score Distribution
Jump to the score distribution portion of the page
Score
0/28
Timer
10:00
0
Plays Today
killers
victims
% Correct
mickey
casey becker
84%
roman bridger
tatum riley
73.7%
billy loomis
maureen prescott
67.7%
stu macher
steven orth
64%
randy meeks
63%
billy loomis
57%
stu macher
55.3%
cici cooper
54.7%
mickey
53.3%
cotton weary
51.7%
mrs loomis
51%
maureen evans
49.7%
roman bridger
48.7%
phil stevens
47.7%
killers
victims
% Correct
jennifer jolie
46.7%
sarah darling
43.7%
mrs loomis
arthur himbry
43.3%
angelina tyler
41.3%
tyson fox
41%
tom prinze
40.3%
derek feldman
40%
john milton
39.7%
kenny jones
39%
steven stone
38.7%
officer andrews
38.3%
hallie mcdaniel
37.7%
officer richards
37.3%
christine hamilton
35.7%
Quiz Playlist
Details
Report
Send in Message
Add To Playlist
Classic:
Type in answers that appear in a list
Last Updated: Feb 16, 2017
Quiz Scoreboard
CHALLENGE
Sign Up to Join the Scoreboard
Show All
Scores
Hide
Comments
May contain spoilers
Recently Published
Pick 6: Fruits
by JohnFran
Miscellaneous
15s
Click the 1999 NBA Draft
by nibperrychub
Sports
2m
Alphabetical 'K' Countries by Flag Minefield
by ylime102
Geography
3m
More to Explore
Quiz From the Vault
Featured Blog Post
15 Basketball Trivia Facts You Can Be March Mad About
hide this ad
You Might Also Like...
Tags
Killer
scream
Victim
Today's Top Quizzes in Movies
Browse Movies
hide this ad
Today's Top Quizzes in scream
Browse scream
Top Contributed Quizzes in Movies
1
Pick 6: Harry Potter
2
Pick 6: Movie Franchises
3
Pick 6: Actors
4
Pick 6: Actresses
5
Pick 6: Disney Princesses
6
Match The President To The Fictional Crisis
7
Movies of the Seasons
8
Harry Potter Logic Puzzle
9
10 Quentin Tarantino Movies in Order
10
Springtime Movie Scenes (Quiz 2 of 2)
Explore More
Trending Topics
Harry Potter
NBA
Crossword
Disney
Kpop
Marvel
Anime
WWE
Pokémon
Puzzle
Song
Country
NFL
Soccer
The Office
hide this ad
More By:
believeits22
Quiz
Plays
Rating
Category
Featured
Created
scream killers and victims (1,2 and 3 only)
302
1.00
Movies
Feb 24, 2013
Go to Creator's Profile
Score Distribution
Quiz Creator Spotlight
believeits22
Follow
Send a Message
Quizzes Created
-
Created Quiz Play Count
-
More By This Creator
Popular Quizzes Today
1
Countries of Asia Without Outlines Minefield
2
Find the US States - No Outlines Minefield
3
Pick 6: Fruits
4
Alphabetical 'K' Countries by Flag Minefield
5
The Countries of the World
6
Find the US States
7
US States
8
Match the Book to the Film X
More Movies Quizzes
Billed: Denzel Washington
Quiz Lab
Trending Quizzes
Pick 6: Mountains
Pick 6: Harry Potter
Pick 6: NFL Teams
Pick 6: Movie Franchises
Pick 6: Golfers
Recently Updated
NWSL Teams
pecheneg
Women's Final Four Teams by Year
bhenderson79
Presidents Quartet II
eogle
Anything But Clue(do)
eogle
Anything But Oceanian Capitals
eogle
Anything But 7
eogle
Anything But Thing
eogle
Word Ladder: February 29
pecheneg
Song Title Questions
pecheneg
Women's NCAA Tournament #1 Seeds
pecheneg
Trending Topics
NBA
Kpop
Harry Potter
Anime
Crossword
Marvel
Disney
Country
The Office
Song
Soccer
Pokémon
NFL
Puzzle
WWE
Your Account Isn't Verified!
In order to create a playlist on Sporcle, you need to verify the email address you used during registration. Go to your
Sporcle Settings
to finish the process.
Report this User
Report this user for behavior that violates our
Community Guidelines
.
Details:
Send Report
Go to the Sporcle.com Mobile Site →
Comments